000 00546nam a2200205 a 4500
001 000038662
003 OSt
005 20201126132548.0
007 ta
008 130417s2011 dr r 000 0 spa d
020 _a9789945408713
040 _aDO-SdBNP
_bspa
_cBNPHU
082 _axxxx
_bH557m
100 1 _aHernández, Jesús
_95470
245 1 0 _aMadurando 2012 /
_cJesús Hernández.
260 _aSanto Domingo :
_bBiblioteca Antillense,
_bArgos,
_c2011.
300 _a89 p. ;
_c23 cm.
590 _aInventariado, 2019/BT
942 _2ddc
_cLBS1
999 _c38152
_d38152